5HLuxD.jpg

KING HENRY VIII SENIOR AND PRIMARY SCHOOL LIBRARY OPAC

RATBURGER (Record no. 4084)

000 -LEADER
fixed length control field 00846nam a22002417a 4500
005 - DATE AND TIME OF LATEST TRANSACTION
control field 20251008081202.0
008 - FIXED-LENGTH DATA ELEMENTS--GENERAL INFORMATION
fixed length control field 250114b ||||| |||| 00| 0 eng d
020 ## - INTERNATIONAL STANDARD BOOK NUMBER
International Standard Book Number 9780007453542
040 ## - CATALOGING SOURCE
Transcribing agency KH8
082 ## - DEWEY DECIMAL CLASSIFICATION NUMBER
Classification number 823.92 WAL
100 ## - MAIN ENTRY--PERSONAL NAME
Personal name WALLIAMS,DAVID
Relator term AUTHOR
Language of a work ENGLISH
245 ## - TITLE STATEMENT
Title RATBURGER
260 ## - PUBLICATION, DISTRIBUTION, ETC.
Place of publication, distribution, etc. Macken House,39/40 Mayor Street Upper,Dublin 1,D01 C9W8 Ireland
Name of publisher, distributor, etc. HarperCollinsPublishers
Date of publication, distribution, etc. 2012
300 ## - PHYSICAL DESCRIPTION
Extent 320 pages
Other physical details illustrations
Dimensions 21 x 14 cm
500 ## - GENERAL NOTE
General note First published in 2012
520 ## - SUMMARY, ETC.
Summary, etc. A humorous children’s novel about a girl who discovers a sinister secret involving a ratburger.
Expansion of summary note Ages 8-12
650 ## - SUBJECT ADDED ENTRY--TOPICAL TERM
Source of heading or term Humurous
Topical term or geographic name entry element Juvenile fiction
650 ## - SUBJECT ADDED ENTRY--TOPICAL TERM
Source of heading or term Children
Topical term or geographic name entry element Juvenile fiction
650 ## - SUBJECT ADDED ENTRY--TOPICAL TERM
Source of heading or term School
Topical term or geographic name entry element Juvenile fiction
655 ## - INDEX TERM--GENRE/FORM
Genre/form data or focus term Juvenile fiction
700 ## - ADDED ENTRY--PERSONAL NAME
Personal name Walliams, David
Relator term Illustrator
942 ## - ADDED ENTRY ELEMENTS (KOHA)
Source of classification or shelving scheme
Koha item type Books - Fiction
Holdings
Withdrawn status Lost status Source of classification or shelving scheme Damaged status Not for loan Collection code Permanent Location Current Location Shelving location Date acquired Total Checkouts Full call number Barcode Date last seen Date last checked out Price effective from Koha item type Public note
          Fiction KH8 Primary School Library KH8 Primary School Library Fiction 2025-01-14 4 823.92 KHPL00004521 2026-03-16 2026-03-09 2025-01-14 Books - Fiction PRIMARY LIBRARY

Powered By KH8 IT Dept